[Event "CZE-ch U12 Girls"]
[Site "Kouty nad Desnou"]
[Date "2024.03.11"]
[Round "3"]
[White "Koutecka, Magdalena"]
[Black "Kammova, Natalie"]
[Result "1-0"]
[WhiteElo "1482"]
[BlackElo "1431"]
[PlyCount "84"]
[EventDate "2024.03.09"]
[EventType "swiss"]
[EventRounds "9"]
[EventCountry "CZE"]
[SourceTitle "CB12_2024"]
[SourceDate "2023.10.01"]
[SourceVersion "1"]
[SourceVersionDate "2023.10.01"]
[SourceQuality "1"]

1. e4 d5 2. d4 c6 3. Nc3 dxe4 4. Nxe4 Bf5 5. Ng3 Bg6 6. Nf3 e6 7. Bd3 Bd6 8. Bxg6 fxg6 9. Qe2 e5 10. Nxe5 Bxe5 11. Qxe5+ Qe7 12. Qxe7+ Nxe7 13. 0-0 0-0 14. c3 h5 15. Bg5 Nd5 16. Rfe1 Nd7 17. Re6 N7f6 18. Rae1 Ng4 19. f3 Ngf6 20. Ne2 Nh7 21. Rxg6 Rae8 22. Bh4 Nf4 23. Nxf4 Rxe1+ 24. Bxe1 Rxf4 25. Re6 Ng5 26. Re7 Rf6 27. Rxb7 Rg6 28. Kf1 a5 29. Ra7 Ne6 30. Bg3 Rf6 31. Rxa5 g6 32. Re5 Nf4 33. Bxf4 Rxf4 34. Re1 g5 35. Ra1 g4 36. Kf2 h4 37. a4 h3 38. a5 hxg2 39. Kxg2 gxf3+ 40. Kg3 Rf8 41. Rf1 f2 42. Rxf2 Ra8 1-0

[Event "Klatovy op-B 29th"]
[Site "Klatovy"]
[Date "2023.07.07"]
[Round "7"]
[White "Koutecka, Magdalena"]
[Black "Skalicky, Jindrich"]
[Result "1/2-1/2"]
[WhiteElo "1002"]
[BlackElo "1137"]
[PlyCount "67"]
[EventDate "2023.07.01"]
[EventType "swiss"]
[EventRounds "9"]
[EventCountry "CZE"]
[SourceTitle "CBM 215 Extra"]
[Source "ChessBase"]
[SourceDate "2023.09.30"]
[SourceVersion "1"]
[SourceVersionDate "2023.09.30"]
[SourceQuality "1"]

1. e4 c5 2. d4 cxd4 3. c3 dxc3 4. Nxc3 e6 5. Nf3 Nc6 6. Bc4 Qc7 7. Qe2 d6 8. 0-0 Nf6 9. Rd1 a6 10. Bf4 e5 11. Bg3 b5 12. Bb3 Be7 13. Rac1 0-0 14. Nd5 Qb7 15. Rxc6 Nxd5 16. Bxd5 Qd7 17. Rcc1 Bb7 18. Bxb7 Qxb7 19. Nh4 Bg5 20. Rc2 Rac8 21. Nf5 Rxc2 22. Qxc2 Rc8 23. Qb1 Rc6 24. Bh4 Bxh4 25. Nxh4 g6 26. h3 Rc4 27. Re1 f5 28. f3 f4 29. Kh2 Qe7 30. Nxg6 hxg6 31. Qd3 Rd4 32. Qc3 Rc4 33. Qd3 Rd4 34. Qc3 1/2-1/2

[Event "CZE-ch U12 Girls"]
[Site "Teplice"]
[Date "2023.03.17"]
[Round "8"]
[White "Koutecka, Magdalena"]
[Black "Hujova, Tess"]
[Result "0-1"]
[WhiteElo "1002"]
[BlackElo "1094"]
[PlyCount "72"]
[EventDate "2023.03.11"]
[EventType "swiss"]
[EventRounds "9"]
[EventCountry "CZE"]
[SourceTitle "CBM 213 Extra"]
[Source "ChessBase"]
[SourceDate "2023.05.31"]
[SourceVersion "1"]
[SourceVersionDate "2023.05.31"]
[SourceQuality "1"]

1. e4 e6 2. d4 b6 3. Bd3 Bb7 4. Nc3 Bb4 5. Nf3 Nf6 6. e5 Nd5 7. Bd2 Bxc3 8. Bxc3 0-0 9. Qd2 Nxc3 10. Qxc3 d6 11. 0-0-0 Nd7 12. Be2 Re8 13. g4 Nf8 14. h4 Ng6 15. Qe3 Rc8 16. h5 Nf8 17. g5 Qe7 18. Bd3 Bxf3 19. Qxf3 Qxg5+ 20. Kb1 dxe5 21. Rdg1 Qf4 22. Qg2 Qh6 23. dxe5 Nd7 24. f4 Nc5 25. Bc4 a5 26. Rh3 Kh8 27. Rf3 Rg8 28. f5 Rcf8 29. Qg4 exf5 30. Qxf5 Ne6 31. Bxe6 Qxe6 32. Rgf1 Qxf5 33. Rxf5 f6 34. exf6 gxf6 35. Rxf6 Rxf6 36. Rxf6 Rg1+ 0-1

[Event "EU Union-ch U10"]
[Site "Pec pod Snezkou"]
[Date "2022.08.22"]
[Round "1"]
[White "Beniosev, Daniel"]
[Black "Koutecka, Magdalena"]
[Result "1-0"]
[WhiteElo "1403"]
[BlackElo "1042"]
[PlyCount "41"]
[EventDate "2022.08.22"]
[EventType "swiss"]
[EventRounds "9"]
[EventCountry "CZE"]
[SourceTitle "EXT 2023"]
[Source "ChessBase"]
[SourceDate "2022.10.05"]
[SourceVersion "1"]
[SourceVersionDate "2022.10.05"]
[SourceQuality "1"]

1. e4 e5 2. Bc4 Nf6 3. d4 exd4 4. Nf3 Nc6 5. e5 d5 6. Bb5 Ne4 7. Nxd4 Bd7 8. Bxc6 bxc6 9. 0-0 Bc5 10. c3 0-0 11. f3 Ng5 12. Re1 Re8 13. Be3 Bb6 14. f4 Ne4 15. Nd2 f5 16. Nxe4 fxe4 17. a4 a5 18. Qd2 c5 19. Nb3 Qe7 20. Nxc5 Bxc5 21. Qxd5+ 1-0